00466nam a2200169Ia 4500001001000000003000500010008004100015010001100056040000900067082002400076100001700100245008400117250000600201260003100207300001100238650004700249Para_6110CHAP220125s1971 xx 000 0 und d a204890 cCHAP aPA 589.903 S35 1971 aSalle, A. J. aLaboratory manual on fundamental principles of bacteriology /c by A. J. Salle a7 aNew York :b McGraw- Hill a201 p. aBacteriología x Manuales de laboratorio